000 01301cim a2200373 a 4500
001 5620826
003 OSt
005 20140310182648.0
007 ssulunjlcnnnu
008 900921s1988 paunnn l eng
010 _a 90740390
020 _a9780345466396
028 0 2 _aRH/SE 66
_bSound Editions
040 _aDLC
_cDLC
_dDLC
050 1 0 _aBD 431
_b.F963 2003
082 _bF95 2003
_aM128.2
100 1 _aFulghum, Robert.
245 1 0 _aAll I really need to know I learned in kindergarten:
_hReconsidered, Revised and Expanded Twenty-Five New Essays/
_cRobert Fulghum.
260 _aNew York :
_bThe Random House Publishing Group,
_cc 1986, 1988, 2003
300 _a219 p:
_c21 cm.
306 _a010000
500 _aEssays and stories from the book read by the author.
500 _aContainer has subtitle: Uncommon thoughts on common things.
500 _aIn container (18 cm.)
521 _aCollege student
526 _c1210L to 1700L
541 _j1
562 _e1
650 0 _aLife.
856 4 2 _3Publisher description
_uhttp://www.loc.gov/catdir/description/random041/90740390.html
856 4 1 _3Sample text
_uhttp://www.loc.gov/catdir/enhancements/fy0703/90740390-s.html
906 _a7
_bcbc
_corignew
_d2
_encip
_f19
_gy-genmusic
942 _2lcc
_cBK
_kM
999 _c15075
_d15075